| 000 | 00423nam a22001337a 4500 | ||
|---|---|---|---|
| 003 | SGT | ||
| 082 |
_a617.692 _bS10U |
||
| 100 | _aAWATI, UPPAL | ||
| 245 | _aA STUDY TO EVALUATE THE EFFECT OF TRAY SELECTION AND IMPRESSION TECHNIQUE ON THE ACCURACY OF POLYVINYL SILOXANE IMPRESSION An IN VITRO STUDY | ||
| 260 |
_aDELHI NCR _bSGT UNIVERSITY GURUGRAM _c2010 |
||
| 300 | _a1-70 | ||
| 650 | _aPROSTHODONTICS | ||
| 942 |
_2ddc _cTH |
||
| 999 |
_c16190 _d16190 |
||